书目信息 |
| 题名: |
程序员的数学
|
|
| 作者: | 结城浩 著 ;管杰 , 卢晓南 译 | |
| 分册: | ||
| 出版信息: | 北京 人民邮电出版社 2020.04 |
|
| 页数: | xviii, 262页 | |
| 开本: | 24cm | |
| 丛书名: | 图灵程序设计丛书 | |
| 单 册: | ||
| 中图分类: | TP301.6 | |
| 科图分类: | ||
| 主题词: | 电子计算机--dian zi ji suan ji--数学基础 | |
| 电子资源: | ||
| ISBN: | 978-7-115-50490-6 | |
| 000 | 01398nam 2200325 450 | |
| 001 | 202020139395 | |
| 005 | 20200926181346.0 | |
| 010 | @a978-7-115-50490-6@dCNY59.00 | |
| 100 | @a20200916d2020 em y0chiy50 ea | |
| 101 | 1 | @achi@cjpn |
| 102 | @aCN@b110000 | |
| 105 | @ay a 000yy | |
| 106 | @ar | |
| 200 | 1 | @a程序员的数学@Acheng xu yuan de shu xue@f(日) 结城浩著@g管杰, 卢晓南译 |
| 210 | @a北京@c人民邮电出版社@d2020.04 | |
| 215 | @axviii, 262页@d24cm | |
| 225 | 2 | @a图灵程序设计丛书@Atu ling cheng xu she ji cong shu |
| 305 | @a据原书第2版译出 | |
| 306 | @a由SB Creative Corp授权出版 | |
| 314 | @a结城浩, 日本知名技术作家和程序员。管杰, 毕业于复旦大学日语系, 现为对日软件工程师。卢晓南, 本科就读于西安交通大学少年班、数学系。 | |
| 320 | @a有书目 | |
| 330 | @a本书讲解了二进制计数法、逻辑、余数、排列组合、递归、指数爆炸、不可解问题等许多与编程密切相关的数学方法, 分析了哥尼斯堡七桥问题、高斯求和、汉诺塔、斐波那契数列等经典问题和算法。引导读者深入理解编程中的数学方法和思路。第2版新增一个附录来介绍机器学习的基础知识, 内容涉及感知器、损失函数、梯度下降法和神经网络。 | |
| 410 | 0 | @12001 @a图灵程序设计丛书 |
| 606 | 0 | @a电子计算机@Adian zi ji suan ji@x数学基础 |
| 690 | @aTP301.6@v5 | |
| 701 | 0 | @a结城浩@Ajie cheng hao@4著 |
| 702 | 0 | @a管杰@Aguan jie@4译 |
| 702 | 0 | @a卢晓南@Alu xiao nan@4译 |
| 801 | 0 | @aCN@c20200421 |
| 905 | @a河南城建学院图书馆@dTP301.6@eJ707 | |
| 程序员的数学/(日) 结城浩著/管杰, 卢晓南译.-北京:人民邮电出版社,2020.04 |
| xviii, 262页;24cm.-(图灵程序设计丛书) |
| ISBN 978-7-115-50490-6:CNY59.00 |
| 本书讲解了二进制计数法、逻辑、余数、排列组合、递归、指数爆炸、不可解问题等许多与编程密切相关的数学方法, 分析了哥尼斯堡七桥问题、高斯求和、汉诺塔、斐波那契数列等经典问题和算法。引导读者深入理解编程中的数学方法和思路。第2版新增一个附录来介绍机器学习的基础知识, 内容涉及感知器、损失函数、梯度下降法和神经网络。 |
| ● |
| 相关链接 |
|
|
|
正题名:程序员的数学
索取号:TP301.6/J707
 
预约/预借
| 序号 | 登录号 | 条形码 | 馆藏地/架位号 | 状态 | 备注 |
| 1 | 1489148 | 214891483 | 自科库301/301自科库 45排5列3层/ [索取号:TP301.6/J707] | 在馆 | |
| 2 | 1489149 | 214891492 | 自科库301/301自科库 45排5列3层/ [索取号:TP301.6/J707] | 在馆 |